| 000 | 00468nmm a2200169Ia 4500 | ||
|---|---|---|---|
| 008 | 251105s9999||||xx |||||||||||||||||und|| | ||
| 020 | _a9788433926197 | ||
| 041 | _aspa | ||
| 100 | _aLuque, Nazario | ||
| 245 | 0 | _aSevilla y la Casita de las Pirañas | |
| 264 |
_a[Madrid, España] : _bEditorial Anagrama, _c2018 |
||
| 300 | _a270 páginas | ||
| 490 | _aCrónicas | ||
| 650 | _aBiography | ||
| 856 | _uhttps://public.digitaliapublishing.com/a/79915 | ||
| 942 | _cCF | ||
| 999 |
_c81760 _d81760 |
||